000
00262nam a2200097Ia 4500
001
1194484
005
20250827021730.0
008
250824s9999 xx 000 0 und d
245
0
_a
HARAB ETTİ TÜTÜN BENİ
_c
ABDULLAH UÇAR
260
_b
KARATAY AKADEMİ YAYINLARI
999
_c
1194484
_d
1194484